| 000 | 01186nam a22003257a 4500 | ||
|---|---|---|---|
| 003 | CHAP | ||
| 005 | 20220329140801.0 | ||
| 008 | 971013s1984 r 00010 d | ||
| 010 | _a57551 | ||
| 011 | _a58523 | ||
| 035 | _a62678 | ||
| 040 | _cCHAP | ||
| 082 |
_a332.67 _bS6 |
||
| 100 | 0 | 0 |
_aSourroville, Juan V. _9108953 |
| 245 |
_aInversiones extranjeras en América Latina _b: política económica, decisiones de inversión y comportamiento económico de las filiales |
||
| 260 |
_aBuenos Aires : _bInstituto para la Integración de América Latina, _c1984 |
||
| 300 |
_a142 p. _b; apénd. ; gráfs. |
||
| 490 | _aCooperación empresaria. estudios | ||
| 590 |
_aBATCH-UPD _b10 _c20130110 _lUCH01 _h0412 |
||
| 590 |
_aBATCH-UPD _b10 _c20130410 _lUCH01 _h0046 |
||
| 590 |
_aBATCH-UPD _b10 _c20130914 _lUCH01 _h1533 |
||
| 590 |
_aCONVERSION _b10 _c20130109 _lUCH01 _h1331 |
||
| 650 | 1 | 4 |
_aInversiones extranjeras _xAmérica Latina. _960195 |
| 700 | 0 |
_aGatto, Francisco. _947281 |
|
| 700 | 0 |
_aKosacoff, Bernardo. _963760 |
|
| 830 | 0 |
_aCooperación empresaria. estudios _927769 |
|
| 901 | _aBK | ||
| 942 | _cLIBRO | ||
| 949 |
_a332.67 S6 _bBC _cLIBRO _d33724000327052 _eLIBRO _h66031 _i62678 _si |
||
| 999 |
_c57551 _d57551 |
||